000 00481nam a2200157 i 4500
001 99305
003 ES-MaACL
005 20230906182457.0
007 t|
008 050906s1959 sp ||||1| spa d
100 1 _aMartín Sánchez, Benjamín.
_977643
245 1 0 _aBiblia y tradición
_b: meditaciones para todos los días del año /
_cBenjamín Martín Sánchez.
260 _aBarcelona :
_bHerder,
_c1959.
300 _a804 p. ;
_c18 cm.
852 _aES-MaACL
_jC-18731
_bR.46451
999 _c99305
_d99305